The Marietta daily journal

Bibliographic Details
Previous Title:Marietta journal (Marietta, Ga. : 1918)
Format: Electronic Newspaper
Language:English
Published: Marietta, Ga. : Times-Journal
Subjects:
Online Access:Full text available from Research Library: 12/20/1991 to 08/17/1997

MARC

LEADER 00000nas a22000007a 4500
001 ssj0006123
003 WaSeSS
005 20200512172242.0
006 m d
007 cr n
008 841206c19449999gaudr nes 0 a0eng d
010 |a sn 84002072  
022 |l 8750-4618  |y 8750-4618 
032 |a 329240  |b USPS 
035 |a (WaSeSS)ssj0006123 
037 |b Marietta Daily Journal, 580 Fairground St., Marietta, GA 30061 
040 |a NSD  |b eng  |c NSD  |d NLG  |d OCLCQ  |d GILDS  |d OCLCO  |d OCLCF  |d OCLCQ  |d OCLCO  |d WaSeSS 
042 |a nsdp  |a msc 
043 |a n-us-ga 
130 0 |a Marietta daily journal (Marietta, Ga.) 
222 4 |a The Marietta daily journal  |b (Marietta, Ga.) 
245 1 4 |a The Marietta daily journal  |h [electronic resource]. 
260 |a Marietta, Ga. :  |b Times-Journal 
310 |a Daily,  |b <1987>- 
321 |a Daily (except Sat. and Sun.),  |b -Feb. 15, 1946 
321 |a Daily (except Sat.),  |b Feb. 17, 1946-<June, 1975> 
362 0 |a Vol. 78, no. 185 (Sept. 18, 1944)- 
506 |a License restrictions may limit access. 
588 |a Description based on: Vol. 118, no. 256 (Oct. 29, 1984). 
651 0 |a Marietta (Ga.)  |v Newspapers. 
651 0 |a Cobb County (Ga.)  |v Newspapers. 
651 7 |a Georgia  |z Cobb County.  |2 fast  |0 (OCoLC)fst01211778 
651 7 |a Georgia  |z Marietta.  |2 fast  |0 (OCoLC)fst01216834 
655 0 |a Electronic journals. 
752 |a United States  |b Georgia  |c Cobb  |d Marietta. 
780 0 0 |t Marietta journal (Marietta, Ga. : 1918)  |w (DLC)sn8900053963 
856 4 0 |z Full text available from Research Library: 12/20/1991 to 08/17/1997  |u https://search.proquest.com/publication/47073